[Event "Kragero op"]
[Site "Kragero"]
[Date "2020.02.20"]
[Round "4"]
[White "Aarnes, Eirik"]
[Black "Birkisson, Bardur Orn"]
[Result "1-0"]
[WhiteElo "1884"]
[BlackElo "2186"]
[PlyCount "33"]
[EventDate "2020.02.19"]
[EventType "swiss"]
[EventRounds "9"]
[EventCountry "NOR"]
[SourceTitle "CBM 195 Extra"]
[Source "ChessBase"]
[SourceDate "2020.05.31"]
[SourceVersion "1"]
[SourceVersionDate "2020.05.31"]
[SourceQuality "1"]

1. e4 e5 2. Nf3 Nc6 3. Bb5 a6 4. Bxc6 dxc6 5. 0-0 Bg4 6. h3 h5 7. d3 Qf6 8. Nbd2 0-0-0 9. hxg4 hxg4 10. Nh2 Nh6 11. g3 Qg6 12. Kg2 Qh5 13. Rh1 Qh3+ 14. Kg1 Bc5 15. Ndf1 f5 16. Be3 Bxe3 17. Nxe3 1-0

[Event "NOR-chT Club"]
[Site "Drammen"]
[Date "2019.05.30"]
[Round "5"]
[White "Krohg, Georg A"]
[Black "Aarnes, Eirik"]
[Result "1-0"]
[WhiteElo "1959"]
[BlackElo "1849"]
[PlyCount "77"]
[EventDate "2019.05.30"]
[EventType "team-swiss"]
[EventRounds "6"]
[EventCountry "NOR"]
[SourceTitle "CBM 190 Extra"]
[Source "ChessBase"]
[SourceDate "2019.07.15"]
[SourceVersion "1"]
[SourceVersionDate "2019.07.15"]
[SourceQuality "1"]
[WhiteTeam "Modum"]
[BlackTeam "Stjernen"]
[WhiteTeamCountry "NOR"]
[BlackTeamCountry "NOR"]

1. Nf3 d5 2. d4 Nf6 3. e3 Bf5 4. c4 c6 5. Nc3 e6 6. Nh4 Be4 7. f3 Bg6 8. Nxg6 hxg6 9. e4 dxe4 10. fxe4 Bb4 11. Qd3 Bxc3+ 12. bxc3 Qa5 13. Bd2 Nbd7 14. Be2 0-0-0 15. Qc2 e5 16. Rb1 Qc7 17. d5 Nc5 18. Bf3 Nfxe4 19. Bxe4 f5 20. Bxf5+ gxf5 21. Qxf5+ Qd7 22. 0-0 Qxf5 23. Rxf5 Ne4 24. Be1 Nd6 25. Rxe5 Nxc4 26. Re7 Rd7 27. Rxd7 Kxd7 28. Rxb7+ Kd6 29. dxc6 Kxc6 30. Rxg7 a5 31. Rg5 Rb8 32. h4 Rb1 33. Kf1 Rb2 34. h5 Kd6 35. h6 Rb7 36. Rg7 Rb5 37. g4 Rb2 38. h7 Ne3+ 39. Kg1 1-0

[Event "Kragero op"]
[Site "Kragero"]
[Date "2019.02.23"]
[Round "6"]
[White "Rishovd, Svein"]
[Black "Aarnes, Eirik"]
[Result "1/2-1/2"]
[WhiteElo "2116"]
[BlackElo "1843"]
[PlyCount "73"]
[EventDate "2019.02.20"]
[EventType "swiss"]
[EventRounds "9"]
[EventCountry "NOR"]
[SourceTitle "CBM 189 Extra"]
[Source "ChessBase"]
[SourceDate "2019.06.03"]
[SourceVersion "1"]
[SourceVersionDate "2019.06.03"]
[SourceQuality "1"]

1. Nf3 d5 2. g3 Nf6 3. Bg2 Bf5 4. 0-0 e6 5. d4 Nbd7 6. c4 c6 7. Nc3 h6 8. Nd2 Be7 9. Re1 0-0 10. e4 dxe4 11. Ndxe4 e5 12. Nxf6+ Bxf6 13. d5 Nc5 14. Be3 Nd3 15. Re2 e4 16. Qb3 cxd5 17. cxd5 Bxc3 18. bxc3 Ne5 19. Bd4 Nf3+ 20. Bxf3 exf3 21. Re3 Qd7 22. Qd1 Bg4 23. h3 Bh5 24. Kh2 Rfe8 25. c4 Rac8 26. Rc1 b5 27. Rxe8+ Rxe8 28. cxb5 Qxd5 29. Rc5 Qxa2 30. Rxh5 Re2 31. Kg1 Rd2 32. Qxf3 Rxd4 33. Kg2 Rd2 34. Rc5 Qe6 35. Rc6 Qd7 36. Rc5 Qe6 37. Rc6 1/2-1/2

[Event "Kragero op"]
[Site "Kragero"]
[Date "2019.02.22"]
[Round "4"]
[White "Aarnes, Eirik"]
[Black "Gonzalez, Francisco Silva"]
[Result "1-0"]
[WhiteElo "1843"]
[BlackElo "2142"]
[PlyCount "125"]
[EventDate "2019.02.20"]
[EventType "swiss"]
[EventRounds "9"]
[EventCountry "NOR"]
[SourceTitle "CBM 189 Extra"]
[Source "ChessBase"]
[SourceDate "2019.06.03"]
[SourceVersion "1"]
[SourceVersionDate "2019.06.03"]
[SourceQuality "1"]

1. e4 e5 2. Nf3 Nc6 3. Bb5 a6 4. Bxc6 dxc6 5. 0-0 Bd6 6. d4 exd4 7. Qxd4 f6 8. Be3 Ne7 9. Nbd2 Be6 10. Qc3 Ng6 11. Nd4 Qe7 12. Nxe6 Qxe6 13. Qb3 Qxb3 14. axb3 0-0-0 15. Rad1 Rhe8 16. Rfe1 Re7 17. g3 Bb4 18. c3 Bd6 19. f4 Red7 20. Kf2 b6 21. Ke2 b5 22. b4 Re8 23. Kf3 Bf8 24. Nb3 Rde7 25. Bc5 Rf7 26. Ra1 Bxc5 27. Nxc5 Kd8 28. Red1+ Ke7 29. Rxa6 Kf8 30. Rxc6 Rfe7 31. Rd7 Rxd7 32. Nxd7+ Ke7 33. Nc5 Rc8 34. h4 h5 35. e5 Kf7 36. exf6 gxf6 37. Ne4 Ke7 38. Nxf6 Nf8 39. Nxh5 Ne6 40. f5 Nd8 41. Rh6 Ra8 42. Rh7+ Kd6 43. Rh8 Ke7 44. f6+ Kf7 45. g4 Kg6 46. g5 Rb8 47. Rh6+ Kf5 48. g6 Nc6 49. Ng3+ Kxf6 50. g7+ Kxg7 51. Rxc6 Rf8+ 52. Kg4 Rf7 53. Nf5+ Kh7 54. Rh6+ Kg8 55. Re6 Rd7 56. Rg6+ Kh8 57. Kg5 Rd2 58. Nh6 Rxb2 59. Rc6 Rd2 60. Rxc7 Rd3 61. Ng4 Rd5+ 62. Kg6 Rd6+ 63. Nf6 1-0

[Event "Kragero op"]
[Site "Kragero"]
[Date "2019.02.22"]
[Round "5"]
[White "Wedda, Dries"]
[Black "Aarnes, Eirik"]
[Result "1/2-1/2"]
[WhiteElo "2173"]
[BlackElo "1843"]
[PlyCount "87"]
[EventDate "2019.02.20"]
[EventType "swiss"]
[EventRounds "9"]
[EventCountry "NOR"]
[SourceTitle "CBM 189 Extra"]
[Source "ChessBase"]
[SourceDate "2019.06.03"]
[SourceVersion "1"]
[SourceVersionDate "2019.06.03"]
[SourceQuality "1"]

1. Nf3 d5 2. g3 Nf6 3. Bg2 Bf5 4. 0-0 e6 5. d3 h6 6. Nbd2 Nbd7 7. Re1 Bc5 8. h3 0-0 9. e4 dxe4 10. dxe4 Bh7 11. Qe2 c6 12. b3 Qc7 13. Kh2 b5 14. Bb2 Qb6 15. Kg1 Nh5 16. Kf1 Nhf6 17. Nh2 e5 18. Bf3 Rad8 19. Kg2 Rfe8 20. Red1 Bg6 21. Ndf1 Bd4 22. c3 Bc5 23. a3 Nf8 24. Ng4 Nxg4 25. Bxg4 Qb8 26. h4 Rxd1 27. Rxd1 Rd8 28. f3 f6 29. Bc1 Bf7 30. Qc2 a5 31. b4 Bb6 32. Rxd8 Qxd8 33. Qd2 Qxd2+ 34. Bxd2 axb4 35. axb4 Ne6 36. Bxe6 Bxe6 37. Be3 Bd8 38. Bc5 g6 39. Ne3 Kf7 40. Kf2 f5 41. Bd6 Kf6 42. Bf8 h5 43. Bh6 Bb6 44. Bg5+ 1/2-1/2

[Event "Kragero op"]
[Site "Kragero"]
[Date "2019.02.21"]
[Round "3"]
[White "Aarnes, Eirik"]
[Black "Sgircea, Silvia Raluca"]
[Result "0-1"]
[WhiteElo "1843"]
[BlackElo "2251"]
[PlyCount "106"]
[EventDate "2019.02.20"]
[EventType "swiss"]
[EventRounds "9"]
[EventCountry "NOR"]
[SourceTitle "CBM 189 Extra"]
[Source "ChessBase"]
[SourceDate "2019.06.03"]
[SourceVersion "1"]
[SourceVersionDate "2019.06.03"]
[SourceQuality "1"]

1. e4 c5 2. Nf3 Nc6 3. d4 cxd4 4. Nxd4 g6 5. c4 Bg7 6. Be3 d6 7. Nc3 Nf6 8. Be2 0-0 9. 0-0 Bd7 10. Rc1 Nxd4 11. Bxd4 Bc6 12. f3 a5 13. Na4 Bxa4 14. Qxa4 Nxe4 15. Bxg7 Nc5 16. Qb5 Kxg7 17. f4 Qc7 18. Rc3 Ra6 19. Re3 e6 20. b4 axb4 21. Qxb4 Rxa2 22. Qe1 Rfa8 23. f5 exf5 24. Rxf5 R8a3 25. Rff3 Rxe3 26. Rxe3 Qa5 27. Qxa5 Rxa5 28. Re7 Kf6 29. Rc7 Ra1+ 30. Kf2 Ra2 31. Ke1 Rb2 32. h3 h5 33. Kd1 Na6 34. Rc8 Ke7 35. Bf3 b5 36. Ra8 Nc5 37. Rb8 b4 38. Bd5 b3 39. Kc1 Re2 40. Kb1 Kf6 41. Rf8 Re7 42. Kb2 Ra7 43. Kb1 g5 44. Kb2 Kg6 45. Rd8 Ra6 46. Rg8+ Kf6 47. Rf8 Ra7 48. Rd8 Ke5 49. Rg8 f6 50. Re8+ Kd4 51. Rd8 Ra2+ 52. Kb1 Kc3 53. Rxd6 Rd2 0-1

[Event "NOR-chT Club"]
[Site "Bergen"]
[Date "2018.05.13"]
[Round "5.11"]
[White "Cithu, Arun Vijay"]
[Black "Aarnes, Eirik"]
[Result "0-1"]
[WhiteElo "1430"]
[BlackElo "1793"]
[PlyCount "36"]
[EventDate "2018.05.10"]
[EventType "team-swiss"]
[EventRounds "6"]
[EventCountry "NOR"]
[SourceTitle "EXT 2019"]
[Source "ChessBase"]
[SourceDate "2018.10.10"]
[SourceVersion "1"]
[SourceVersionDate "2018.10.10"]
[SourceQuality "1"]
[WhiteTeam "Stavanger Tigers"]
[BlackTeam "Stjernen"]
[WhiteTeamCountry "NOR"]
[BlackTeamCountry "NOR"]

1. e4 d5 2. exd5 Nf6 3. d4 Bg4 4. Nf3 Qxd5 5. Be2 Nc6 6. c3 0-0-0 7. h3 Bf5 8. Bd3 Bxd3 9. Qxd3 e5 10. c4 Qa5+ 11. Bd2 Bb4 12. Qf5+ Kb8 13. d5 e4 14. Qf4 exf3 15. dxc6 Rhe8+ 16. Kd1 Bxd2 17. Nxd2 Re2 18. Kc1 Rdxd2 0-1

[Event "NOR-chT Club"]
[Site "Bergen"]
[Date "2018.05.12"]
[Round "4.11"]
[White "Aarnes, Eirik"]
[Black "Haugsdal, Arn Tore"]
[Result "0-1"]
[WhiteElo "1793"]
[BlackElo "1987"]
[PlyCount "80"]
[EventDate "2018.05.10"]
[EventType "team-swiss"]
[EventRounds "6"]
[EventCountry "NOR"]
[SourceTitle "EXT 2019"]
[Source "ChessBase"]
[SourceDate "2018.10.10"]
[SourceVersion "1"]
[SourceVersionDate "2018.10.10"]
[SourceQuality "1"]
[WhiteTeam "Stjernen"]
[BlackTeam "Masfjorden"]
[WhiteTeamCountry "NOR"]
[BlackTeamCountry "NOR"]

1. e4 e5 2. Nf3 Nc6 3. Bb5 a6 4. Bxc6 dxc6 5. 0-0 f6 6. d4 Bg4 7. dxe5 Qxd1 8. Rxd1 fxe5 9. Rd3 Bd6 10. Bg5 h6 11. Bh4 Ne7 12. Nbd2 b5 13. a4 g5 14. Bg3 Ng6 15. c4 0-0 16. c5 Bxc5 17. Bxe5 Bxf3 18. Nxf3 Rxf3 19. Rxf3 Nxe5 20. Rf6 Kg7 21. Re6 Bd6 22. axb5 cxb5 23. Rd1 a5 24. Rd5 b4 25. Rexe5 Bxe5 26. Rxe5 a4 27. Re7+ Kf8 28. Rxc7 a3 29. bxa3 bxa3 30. Rc1 a2 31. h4 Rb8 32. Kh2 Rb1 33. Rc8+ Ke7 34. Rc7+ Ke6 35. Ra7 a1Q 36. Rxa1 Rxa1 37. hxg5 hxg5 38. Kg3 Ra2 39. f3 Ke5 40. Kh3 Kf4 0-1

[Event "Bergen Grand Prix"]
[Site "Bergen"]
[Date "2017.11.19"]
[Round "4"]
[White "Aarnes, Eirik"]
[Black "Flatebo, Hallvard Haug"]
[Result "0-1"]
[WhiteElo "1596"]
[BlackElo "1551"]
[PlyCount "124"]
[EventDate "2017.11.17"]
[EventType "swiss"]
[EventRounds "5"]
[EventCountry "NOR"]
[SourceTitle "EXT 2024"]
[Source "ChessBase"]
[SourceDate "2023.10.10"]
[SourceVersion "1"]
[SourceVersionDate "2023.10.10"]
[SourceQuality "1"]

1. e4 e6 2. d4 d5 3. Nd2 Nf6 4. e5 Nfd7 5. Bd3 c5 6. c3 Nc6 7. Ne2 cxd4 8. cxd4 f6 9. exf6 Nxf6 10. 0-0 Bd6 11. Nf3 Qc7 12. Nc3 a6 13. Re1 0-0 14. h3 Bd7 15. a3 Rae8 16. Bg5 h6 17. Be3 e5 18. Bg6 Re7 19. dxe5 Nxe5 20. Nxe5 Rxe5 21. Rc1 Bc6 22. Na4 Ne4 23. Nc5 Nxc5 24. Bxc5 Bxc5 25. Rxc5 Rg5 26. Qc2 Qf4 27. Re2 Qf3 28. g3 Rxg6 29. Rc3 Qf5 30. Qxf5 Rxf5 31. Rce3 d4 32. Re7 d3 33. Rd2 Rd6 34. f4 Rc5 35. Kf2 Kf8 36. Re3 Rc2 37. Ke1 Rxd2 38. Kxd2 Bb5 39. b3 a5 40. Re5 Ba6 41. Rxa5 Rc6 42. b4 Rc2+ 43. Kd1 Rb2 44. Rc5 Ke7 45. g4 Kd6 46. g5 b6 47. gxh6 gxh6 48. Rh5 Bc4 49. Rxh6+ Kd5 50. Rh8 Bb3+ 51. Kc1 Rc2+ 52. Kb1 Ba2+ 53. Ka1 d2 54. Rd8+ Ke4 55. a4 Rc1+ 56. Kxa2 d1Q 57. Rxd1 Rxd1 58. Kb3 Kd4 59. f5 Rd3+ 60. Kb2 Rxh3 61. f6 Rf3 62. a5 b5 0-1

[Event "Bergen Sommer op"]
[Site "Bergen"]
[Date "2017.07.30"]
[Round "5"]
[White "Aarnes, Eirik"]
[Black "Kristoffersen, Arne Skodvin"]
[Result "1/2-1/2"]
[WhiteElo "1742"]
[BlackElo "1774"]
[PlyCount "58"]
[EventDate "2017.07.28"]
[EventType "swiss"]
[EventRounds "5"]
[EventCountry "NOR"]
[SourceTitle "CBM 179 Extra"]
[Source "ChessBase"]
[SourceDate "2017.08.23"]
[SourceVersion "1"]
[SourceVersionDate "2017.08.23"]
[SourceQuality "1"]

1. e4 e5 2. Nf3 Nc6 3. Bb5 a6 4. Bxc6 dxc6 5. 0-0 f6 6. d4 Bg4 7. dxe5 Qxd1 8. Rxd1 fxe5 9. Be3 Nf6 10. Nbd2 c5 11. Re1 Nd7 12. Nc4 Bxf3 13. gxf3 Be7 14. f4 exf4 15. Bxf4 0-0-0 16. e5 g5 17. Bg3 Nf8 18. e6 Ng6 19. Rad1 h5 20. Be5 Rxd1 21. Rxd1 Rd8 22. Rxd8+ Kxd8 23. Bc3 Nf4 24. Ne3 Ne2+ 25. Kf1 Nxc3 26. bxc3 Bf6 27. Nf5 Bxc3 28. h3 h4 29. Ke2 Be5 1/2-1/2

[Event "Bergen Sommer op"]
[Site "Bergen"]
[Date "2017.07.29"]
[Round "2"]
[White "Aarnes, Eirik"]
[Black "Melkevik, Johannes"]
[Result "1-0"]
[WhiteElo "1742"]
[BlackElo "1891"]
[PlyCount "63"]
[EventDate "2017.07.28"]
[EventType "swiss"]
[EventRounds "5"]
[EventCountry "NOR"]
[SourceTitle "CBM 179 Extra"]
[Source "ChessBase"]
[SourceDate "2017.08.23"]
[SourceVersion "1"]
[SourceVersionDate "2017.08.23"]
[SourceQuality "1"]

1. e4 e6 2. d4 d5 3. Nd2 Nf6 4. e5 Nfd7 5. Bd3 c5 6. c3 Nc6 7. Ne2 cxd4 8. cxd4 f6 9. exf6 Nxf6 10. 0-0 Bd6 11. Nf3 Qc7 12. Re1 0-0 13. Nc3 a6 14. h3 Bd7 15. a3 Rae8 16. Bg5 Re7 17. Rc1 Qb8 18. Na4 Bf4 19. Bxf4 Qxf4 20. Nc5 e5 21. g3 Qh6 22. dxe5 Ne8 23. Nxd7 Rxd7 24. Bf1 Re7 25. Qxd5+ Kh8 26. Bg2 Nc7 27. Qd6 Ref7 28. Qxh6 gxh6 29. e6 Rxf3 30. e7 Nxe7 31. Rxe7 Nd5 32. Rxb7 1-0

[Event "Oslo Stjernens op"]
[Site "Oslo"]
[Date "2017.06.17"]
[Round "5"]
[White "Aarnes, Eirik"]
[Black "Ali, Karim"]
[Result "0-1"]
[WhiteElo "1702"]
[BlackElo "1776"]
[PlyCount "66"]
[EventDate "2017.06.16"]
[EventType "swiss"]
[EventRounds "6"]
[EventCountry "NOR"]
[SourceTitle "EXT 2018"]
[Source "ChessBase"]
[SourceDate "2017.10.13"]
[SourceVersion "1"]
[SourceVersionDate "2017.10.13"]
[SourceQuality "1"]

1. e4 e6 2. d4 d5 3. Nd2 c5 4. exd5 Qxd5 5. Ngf3 cxd4 6. Bc4 Qd6 7. 0-0 Nf6 8. Nb3 Nc6 9. Nbxd4 Nxd4 10. Nxd4 a6 11. Re1 Qc7 12. Qe2 Be7 13. Bg5 b5 14. Bb3 Ra7 15. Bxf6 Bxf6 16. Rad1 0-0 17. c3 e5 18. Nf3 Re8 19. Nd2 Bf5 20. Ne4 Bxe4 21. Qxe4 g6 22. h4 Kg7 23. h5 Bg5 24. Rd5 f5 25. Qe2 e4 26. Red1 e3 27. f3 Bh4 28. Rd6 Bf2+ 29. Kh2 Qe7 30. g3 Bxg3+ 31. Kg2 Bxd6 32. h6+ Kxh6 33. f4 Qe4+ 0-1

[Event "Oslo Stjernens op"]
[Site "Oslo"]
[Date "2017.06.16"]
[Round "2"]
[White "Aarnes, Eirik"]
[Black "Taranger, Rune"]
[Result "1-0"]
[WhiteElo "1702"]
[BlackElo "1690"]
[PlyCount "61"]
[EventDate "2017.06.16"]
[EventType "swiss"]
[EventRounds "6"]
[EventCountry "NOR"]
[SourceTitle "EXT 2018"]
[Source "ChessBase"]
[SourceDate "2017.10.13"]
[SourceVersion "1"]
[SourceVersionDate "2017.10.13"]
[SourceQuality "1"]

1. e4 d6 2. d4 Nf6 3. Bd3 g6 4. f4 Bg7 5. Nf3 0-0 6. 0-0 c6 7. Nc3 Qc7 8. h3 Nbd7 9. e5 Nd5 10. f5 Nxc3 11. bxc3 dxe5 12. fxg6 hxg6 13. Qe1 Bf6 14. Bg5 exd4 15. cxd4 Qd6 16. Qh4 Kg7 17. Qh6+ Kg8 18. c3 c5 19. Bf4 Qd5 20. Ng5 Bxg5 21. Bxg5 Qd6 22. Rae1 e6 23. Bxg6 fxg6 24. Qxg6+ Kh8 25. Rxf8+ Qxf8 26. Re4 Qg7 27. Qe8+ Nf8 28. Rh4+ Kg8 29. Bh6 Qf7 30. Rg4+ Kh7 31. Qxf7+ 1-0

[Event "Hordaland-ch NGP"]
[Site "Bergen"]
[Date "2017.05.27"]
[Round "3"]
[White "Aarnes, Eirik"]
[Black "Kringstad, Svein Erik"]
[Result "1-0"]
[WhiteElo "1564"]
[BlackElo "1067"]
[PlyCount "57"]
[EventDate "2017.05.25"]
[EventType "swiss"]
[EventRounds "6"]
[EventCountry "NOR"]
[SourceTitle "EXT 2024"]
[Source "ChessBase"]
[SourceDate "2023.10.10"]
[SourceVersion "1"]
[SourceVersionDate "2023.10.10"]
[SourceQuality "1"]

1. e4 e5 2. Nf3 Nc6 3. Bb5 a6 4. Bxc6 dxc6 5. 0-0 Bd6 6. d4 Bg4 7. dxe5 Bxe5 8. Qxd8+ Rxd8 9. Nxe5 Be6 10. Nc3 Nf6 11. Be3 0-0 12. Rad1 Nd7 13. Nxd7 Bxd7 14. Rd2 Be6 15. Rfd1 Ra8 16. f3 b6 17. Bf4 Rac8 18. Ne2 c5 19. Nc3 c6 20. Rd6 b5 21. Bg5 h6 22. Be7 Rfe8 23. Rd8 Kh7 24. Rxc8 Rxc8 25. Bxc5 g6 26. Rd6 h5 27. h3 g5 28. Ne2 h4 29. Nd4 1-0

[Event "Hordaland-ch NGP"]
[Site "Bergen"]
[Date "2017.05.25"]
[Round "2"]
[White "Stensholt, Sigvat K"]
[Black "Aarnes, Eirik"]
[Result "1/2-1/2"]
[WhiteElo "1688"]
[BlackElo "1564"]
[PlyCount "84"]
[EventDate "2017.05.25"]
[EventType "swiss"]
[EventRounds "6"]
[EventCountry "NOR"]
[SourceTitle "EXT 2024"]
[Source "ChessBase"]
[SourceDate "2023.10.10"]
[SourceVersion "1"]
[SourceVersionDate "2023.10.10"]
[SourceQuality "1"]

1. d4 d5 2. c4 c6 3. Nf3 Nf6 4. Nc3 e6 5. e3 Nbd7 6. Qc2 Bd6 7. cxd5 exd5 8. Bd3 0-0 9. 0-0 Re8 10. Bd2 Qe7 11. a3 a5 12. Rab1 Ne4 13. Ne2 c5 14. dxc5 Ndxc5 15. Bb5 Bd7 16. Ned4 Rec8 17. Bxd7 Qxd7 18. b4 Na4 19. Qd3 Nac3 20. Rb3 axb4 21. axb4 Nxd2 22. Nxd2 Na2 23. Qf5 Qxf5 24. Nxf5 Bxb4 25. Rxb4 Nxb4 26. Ne7+ Kf8 27. Nxc8 Rxc8 28. Rb1 Nd3 29. Rxb7 Rc1+ 30. Nf1 Rc2 31. Rd7 Nb4 32. Rb7 Na2 33. g4 Nc3 34. Ng3 g6 35. f4 Nd1 36. Nf1 Re2 37. Rb3 Ke8 38. Rb8+ Kd7 39. Rb7+ Ke8 40. Rb8+ Ke7 41. Rb7+ Kf8 42. Rb3 Ke7 1/2-1/2